Стратегия восстановления жизнеспособности России ( к развитию русской цивилизации в XXI веке) Научно-популярная литература
В книге делается попытка обосновать пути сохранения и умножения русского народа на основе возрождения традиционного материального и духовного образа жизни нашего общества с учетом объективно формирующегося шестого технологического уклада базирующегося на достижениях современной информатики и электро...
Uloženo v:
| Hlavní autor: | |
|---|---|
| Médium: | Научно-популярная литература |
| Vydání: | 2 |
| On-line přístup: | https://znanium.com/catalog/document?id=421749 https://znanium.com/cover/1927/1927312.jpg |
| Tagy: |
Přidat tag
Žádné tagy, Buďte první, kdo otaguje tento záznam!
|
| LEADER | 02404nam0a2200325 i 4500 | ||
|---|---|---|---|
| 001 | RU\infra-m\znanium\bibl\1927312 | ||
| 003 | https://znanium.com/catalog/document?id=421749 | ||
| 005 | 20230220000000.0 | ||
| 010 | |a 978-5-394-05011-4 | ||
| 100 | |a 20230220d2022 m y0rusy0150 ca | ||
| 101 | 0 | |a rus | |
| 102 | |a RU | ||
| 200 | 1 | |a Стратегия восстановления жизнеспособности России ( к развитию русской цивилизации в XXI веке) |e Научно-популярная литература | |
| 205 | |a 2 | ||
| 210 | 1 | |a Москва |c Издательско-торговая корпорация "Дашков и К" |d 2022 | |
| 215 | |a 460 с. | ||
| 330 | |a В книге делается попытка обосновать пути сохранения и умножения русского народа на основе возрождения традиционного материального и духовного образа жизни нашего общества с учетом объективно формирующегося шестого технологического уклада базирующегося на достижениях современной информатики и электроники. Для широкого круга читателей. | ||
| 333 | |a Дополнительное образование | ||
| 606 | |a Культура. СМИ |x Культура России |2 local | ||
| 606 | |a История. Исторические науки |x Современная история России (с 1991 г.) |2 local | ||
| 606 | |a Политика. Социология |x Национальная политика. Национальные отношения |2 local | ||
| 608 | |a Научно-популярная литература |2 local | ||
| 675 | |a 944 |z rus | ||
| 686 | |a 6332 |2 rubbk | ||
| 686 | |a 41.04.04 |2 okso | ||
| 686 | |a 46.04.01 |2 okso | ||
| 700 | 1 | |a Лемешев |b М.Я. |g Михаил Яковлевич | |
| 801 | 0 | |a RU |b Общество с ограниченной ответственностью «ЗНАНИУМ» |c 20221116 |2 rusmarc | |
| 856 | 4 | |a znanium.com |m ebs_support@infra-m.ru |n НИЦ ИНФРА-М |u https://znanium.com/catalog/document?id=421749 | |
| 856 | 4 | 1 | |a znanium.com |d /cover/1927 |f 1927312.jpg |q image/jpeg |u https://znanium.com/cover/1927/1927312.jpg |